000 00454nam a22001697a 4500
003 0
005 20231115144643.0
008 231115b xxu||||| |||| 00| 0 eng d
020 _a978-621-04-2210-8
050 _aB 3973
_b.C68 2021
245 _aA course module for ethics
260 _aManila
_bRex Book Store
_cc2021
300 _avi, 177 pages ;
_c25 cm.
504 _aIncludes bibliographical references.
650 _aEthics.
942 _2lcc
_cBK
999 _c365600
_d365600